LEADER 01186naa a2200241 u 4500 001 000000094214 003 CaOOAMICUS 005 20070226130137.0 008 010828s1983 fr u000 u eng u 035 $a10900304 040 $aPUL(R)$bita 100 1 $aPloman, Edward W.$0(OLS)http://pul/name/60584 245 10$aConflicts on information and communications problems /$cEdward W. Ploman. 260 $a[S. l. :$bs. n.],$c1983. 300 $aP. [289-298] 504 $aBibliografia in nota. 650 4$aDiritto internazionale.$0(OLS)http://pul/subject/2505 650 4$aComunicazione.$0(OLS)http://pul/subject/4540 650 4$aInformazione.$0(OLS)http://pul/subject/20761 773 0 $aAcadémie de droit international.$tColloque = Colloquium$g1982 773 0 $aAcadémie de droit international.$tLe règlement des différends sur les nouvelles ressources naturelles : Colloque, La Haye, 8-10 novembre 1982 = the settlements of disputes on the new natural resources : Workshop, The Hague, 8-10 november 1982$w()61003 996 $6245$aConflicts on information and communications problems$9(OLS)http://pul/title/121078 996 $6260$a[S. l. :$bs. n.]$9(OLS)http://pul/publisher/47882 LEADER 01390nam a2200313 a 4500 001 000000132468 003 CaOOAMICUS 005 20130130162416.0 008 130130s2012 it u001 u ita r 020 $a978-88-6124-303-3 040 $aPUL$bita 082 04$a141 100 1 $aNicastro, Luciano.$0(OLS)http://pul/name/56617 245 10$aProfezia e politica in Emmanuel Mounier :$bnucleo strategico del pensiero utopico del Novecento /$cLuciano Nicastro. 260 $aTrapani :$bIl pozzo di Giacobbe,$c©2012. 300 $a204 p. ;$c22 cm. 490 1 $aOi christianoi ;$v8 504 $aBibliografia in nota. 600 14$aMounier, Emmanuel,$d1905-1950$xPensiero politico e sociale.$0(OLS)http://pul/subject/23499 830 3$aOi christianoi ;$v8.$0(OLS)http://pul/title/132648 850 $aPUL 852 $aPUL$W1$xSL Filosofia 3$y81$m141 NICLU 1$j152437$qDDC 21$B151786$CPULBib$Z2$F151786 $H121533 $82 941 1 $a9 983 0$aOi christianoi (Il pozzo di Giacobbe) 996 $6020$a978-88-6124-303-3$9(OLS)http://pul/number/151635 996 $6082$a141$9(OLS)http://pul/classification/2221 996 $6245$aProfezia e politica in Emmanuel Mounier :$bnucleo strategico del pensiero utopico del Novecento$9(OLS)http://pul/title/167359 996 $6260$aTrapani :$bIl pozzo di Giacobbe$9(OLS)http://pul/publisher/79226